A origem das espécies (Registo nº 6044)
[ vista simples ]
| 000 -Etiqueta do registo | |
|---|---|
| Valores | 01576nam a2200241 4500 |
| 010 ## - Número ISBN | |
| ISBN | 9789721055827 |
| 021 ## - Número do Depósito Legal | |
| Número | 230320/05 |
| 100 ## - Dados gerais de processamento | |
| Dados gerais | 20211231d2005 m||y0pory5003 ba |
| 200 1# - Titulo e menção de responsabilidade | |
| Título próprio | A origem das espécies |
| Primeira menção de responsabilidade | Charles Darwin |
| Outras menções de responsabilidade | trad. Dora Batista |
| 210 #9 - Publicação | |
| Local de publicação | Mem Martins |
| Nome do editor | Europa-América, |
| Data de publicação | 2005 |
| 215 ## - Descrição física | |
| Paginação / Volumes | 387, [3] p. |
| 225 2# - Colecção | |
| Título próprio da colecção | Clássicos |
| 304 ## - Nota relativa ao título | |
| Texto de nota | Tít. orig.: The origin of species |
| 330 ## - Sumário ou Resumo | |
| Texto da nota | Publicada em 1859, a obra-prima de Darwin condensa os seus pontos de vista acerca da origem e da evolução das espécies. A Origem das Espécies consagrou os princípios universais da competição entre as espécies e da Selecção Natural, regidos pela dura lei da sobrevivência dos mais aptos, a par do conceito de mutação e variação das espécies. Num tom profundamente lúcido e consciente das objecções que seriam apresentadas à sua teoria, Darwin baseia a sua teorização num profundo conhecimento prático, fundamentado na sua experiência prática a bordo da fragata HMS Beagle.<br/>A Origem das Espécies desferiu um rude golpe na teoria criacionista (a primeira edição esgotou no dia em que foi posta à venda) que fez correr rios de tinta, a teoria de Darwin sofreu poucas alterações da época vitoriana até aos nossos dias.<br/>Em suma, uma obra monumental e um referência a todos os níveis. |
| 606 ## - Nome comum usado como assunto | |
| ID Autoridade | 832 |
| Palavra de ordem | Biologia |
| 675 ## - CDU | |
| Notação | 575.8 |
| Edição | BN |
| Língua | por |
| 700 ## - Autor principal (pessoa individual) | |
| Apelido | Darwin |
| Nome | Charles |
| Datas | 1809-1882 |
| ID Autoridade | 5738 |
| 702 ## - Autor secundário (pessoa individual) | |
| Apelido | Batista |
| Nome | Dora |
| ID Autoridade | 5739 |
| 801 #0 - Fonte de origem | |
| País | PT |
| Agência | BMVN |
| Regras de catalogação | RPC |
| 830 ## - Notas gerais do catalogador | |
| Criado por | Inês Silva |
| Data de criação | 31/12/2021 |
| 990 ## - Elementos KOHA | |
| Tipo de documento | Livro |
| Situação do levantamento | Biblioteca de origem | Localização na Estante | Código de barras | Cota | Permissão de empréstimo | Tipo de documento | Forma de aquisição |
|---|---|---|---|---|---|---|---|
| Biblioteca Municipal de Vendas Novas | EM DEPOSITO | 100000037868 | CE BIO/ORI | Livro |